01626nam a2200301 a 4500001001000000003000400010005001700014008004100031020001800072040002500090049000900115082002100124100002600145245010600171260003600277300002000313504006400333600003700397650003100434700002600465942001400491952021200505952013400717952013400851952011900985952020301104999001701307000015543OSt20260321073639.0100212s2009 dr 000 0 spa d a9789945002492 aDO-SdBNPbspacBNPHU aBNPD aRD860.44bB742zB1 aTorres, Sabino93508210aBosch :bmaestro, sin cuentos, de la narrativa breve /cSabino Torres ; presentación Augusto Feria. aSanto Domingo :bBúho,c2009. a33 p. ;c22 cm. aIncluye referencias bibliográficas a pie de las páginas10a Bosch, Juan, d1909-2001976555 0aLiteratura dominicana.9671 aFeria, Augusto933347 2ddccLBS1 001054708DSaGRbGRcHDd2010-02-12iLF1l0oRD860.44 B742zBp15543-30r2020-06-25te. 3w2020-06-25yLFDSzPerteneció a la biblioteca personal de Chiqui Vicioso / Fidelio Despradel.ZPréstamo en sala 001054708DSaGRbGRcHDd2015-07-09iLF1l0oRD860.44 B742zBp15543-50r2020-06-25te. 4w2020-06-25yLFDSZPréstamo en sala 001054708DSaGRbGRcHDd2015-08-07iLF1l0oRD860.44 B742zBp15543-60r2020-06-25te. 5w2020-06-25yLFDSZPréstamo en sala 0010718PDaPDbPDcHDd2010-02-12iLF1l0oRD860.44 B742zBp15543-10r2020-06-25w2020-06-25yLFPDZNo se presta 0010718PDaPDbPDcHDd2010-02-12iLF1l0oRD860.44 B742zBp15543-20r2020-06-25te. 2w2020-06-25yLFPDzPerteneció a la biblioteca personal de Chiqui Vicioso / Fidelio Despradel.ZNo se presta c15099d15099